Loading...

Lectures on political economy, Vol.2

Bibliographic Details
Main Author: Wicksell, Knut
Format: Printed Book
Published: Routledge & Kegan Paul Ltd., London 1961
Subjects:
LEADER 00516nam a2200193 4500
020
082 |a 330.1 WIC-L.2 
100 |a Wicksell, Knut 
245 |a Lectures on political economy, Vol.2 
250
260 |a Routledge & Kegan Paul Ltd., London  |c 1961 
300
490
500
590
650 |a Economic systems and theories 
942 |c BK 
999 |c 103937  |d 103937 
952 |0 0  |1 0  |4 0  |6 330_100000000000000_WICL_2  |7 0  |9 117404  |a ECN  |b ECN  |l 0  |o 330.1 WIC-L.2  |p ECN00977B  |r 2019-09-25  |w 2019-09-25  |y BK